Manual de Optometría.

Bewaard in:
Bibliografische gegevens
Hoofdauteurs: Martín Herranz, Raúl (autor), Vecilla Antolínez, Gerardo (Auteur)
Formaat: Boek
Taal:Spaans
Gepubliceerd in: Madrid, España: Médica Panamericana, 2018.
Editie:2a. edición.
Onderwerpen:
Tags: Voeg label toe
Geen labels, Wees de eerste die dit record labelt!

MARC

LEADER 00000cam a2200000 a 4500
001 UCC9766
003 CL-VaPUC
005 20231204095512.0
008 191018e20180000sp |||||||||||||||||spa|d
999 |c 375779  |d 375777 
020 |a 9788491102489 
040 |c Pontificia Universidad Católica de Valparaíso 
082 0 4 |a 617.75 MAR 2018  |2 21 
100 |a Martín Herranz, Raúl   |e autor  |9 245683 
245 1 0 |a Manual de Optometría. 
250 |a 2a. edición.  
260 |a Madrid, España:  |b Médica Panamericana,  |c 2018. 
300 |a 444 páginas :  |b ilustraciones.  
583 |a last modification  |c 20191018 08:32:00  |k Rodrigo Vera 
650 0 |a Optometría  |2 CL-VaPUC  |9 407001 
650 0 |a Enfermedades de los ojos  |9 351395 
650 0 |a Instrumentos médicos  |2 CL-VaPUC  |9 420250 
650 0 |a Instrumentos ópticos  |2 CL-VaPUC  |9 314799 
700 0 |a Vecilla Antolínez, Gerardo  |e author  |9 604754 
942 |c BK  |2 ddc 
945 |d 20191018 08:32:00  |a dcastane 
952 |0 0  |1 0  |2 ddc  |3 erb  |4 0  |6 617_750000000000000_MAR_2018  |7 0  |8 A  |9 494839  |a BIBCUR  |b BIBCUR  |d 2019-12-06  |e 23  |g 65000.00  |i 5564751  |l 17  |m 8  |o 617.75 MAR 2018  |p 5564751  |q 2025-05-14  |r 2025-04-23  |s 2025-04-23  |w 2019-11-24  |y BK  |z Catalogado en:20191018  |k TEM 
952 |0 0  |1 0  |2 ddc  |3 erb  |4 0  |6 617_750000000000000_MAR_2018  |7 0  |8 A  |9 494840  |a BIBCUR  |b BIBCUR  |d 2019-12-06  |e 23  |g 65000.00  |i 556476K  |l 13  |m 2  |o 617.75 MAR 2018  |p 556476K  |r 2025-04-22  |s 2025-04-09  |w 2019-11-24  |y BK  |z Catalogado en:20191018  |k TEM 
952 |0 0  |1 0  |3 erb  |4 0  |6 617_750000000000000_MAR_2018  |7 0  |8 A  |9 494841  |a BIBCUR  |b BIBCUR  |d 2019-12-06  |e 23  |g 65000.00  |i 5564778  |l 20  |m 8  |o 617.75 MAR 2018  |p 5564778  |r 2025-04-28  |s 2025-04-03  |w 2019-11-24  |y BK  |z Catalogado en:20191018  |k TEM 
952 |0 0  |1 0  |3 erb  |4 0  |6 617_750000000000000_MAR_2018  |7 0  |8 A  |9 494842  |a BIBCUR  |b BIBCUR  |d 2019-12-06  |e 23  |g 65000.00  |i 5564786  |l 17  |m 13  |o 617.75 MAR 2018  |p 5564786  |r 2025-04-30  |s 2025-04-23  |w 2019-11-24  |y BK  |z Catalogado en:20191018  |k TEM 
952 |0 0  |1 0  |2 ddc  |4 0  |6 617_750000000000000_MAR_2018  |7 0  |8 A  |9 494914  |a BIBCUR  |b BIBCUR  |d 2019-12-06  |e 23  |g 65000.00  |i 5567157  |l 17  |m 14  |o 617.75 MAR 2018  |p 5567157  |r 2025-04-24  |s 2025-04-23  |v 65000.00  |w 2019-12-06  |y BK 
952 |0 0  |1 0  |2 ddc  |4 0  |6 617_750000000000000_MAR_2018  |7 0  |8 A  |9 592736  |a BIBCUR  |b BIBCUR  |c GEN  |d 2023-12-04  |e 3  |g 80288.00  |i 5659723  |l 9  |m 5  |o 617.75 MAR 2018  |p 5659723  |r 2025-05-05  |s 2025-04-11  |t 6  |v 80288.00  |w 2023-12-04  |y BK  |k TEM